Asphaltenes, heavy oils, and petroleomics / (Record no. 7942)

MARC details
000 -LEADER
fixed length control field 00882nac a22002531u 4500
010 ## - LIBRARY OF CONGRESS CONTROL NUMBER
LC control number 2005939171
020 ## - INTERNATIONAL STANDARD BOOK NUMBER
International Standard Book Number 9780387317342 (acid-free paper)
020 ## - INTERNATIONAL STANDARD BOOK NUMBER
International Standard Book Number 0387317341 (acid-free paper)
035 ## - SYSTEM CONTROL NUMBER
System control number (CStRLIN)NYCXV5992109-B
082 00 - DEWEY DECIMAL CLASSIFICATION NUMBER
Classification number 665.538
Item number MUL
090 ## - LOCALLY ASSIGNED LC-TYPE CALL NUMBER (OCLC); LOCAL CALL NUMBER (OCLC)
-- 7942
-- 7942
100 ## - MAIN ENTRY--PERSONAL NAME
Personal name Mullins, Oliver C. [ed
245 00 - TITLE STATEMENT
Title Asphaltenes, heavy oils, and petroleomics /
Statement of responsibility, etc edited by Oliver C. Mullins ... [et al.].
260 ## - PUBLICATION, DISTRIBUTION, ETC. (IMPRINT)
Place of publication, distribution, etc New York :
Name of publisher, distributor, etc Springer,c2007.
Date of publication, distribution, etc c2007.
300 ## - PHYSICAL DESCRIPTION
Extent xxi, 669 p. :
Other physical details ill. (some col.) ;
Dimensions 25 cm.
500 ## - GENERAL NOTE
General note Distributer: Al-Ahram.
504 ## - BIBLIOGRAPHY, ETC. NOTE
Bibliography, etc Includes bibliographical references and index.
511 ## - PARTICIPANT OR PERFORMER NOTE
Participant or performer note Catalogued By: Mahitab.
650 #0 - SUBJECT ADDED ENTRY--TOPICAL TERM
Topical term or geographic name as entry element Asphaltene
General subdivision Analysis.
650 #0 - SUBJECT ADDED ENTRY--TOPICAL TERM
Topical term or geographic name as entry element Petroleum
General subdivision Analysis.
650 #0 - SUBJECT ADDED ENTRY--TOPICAL TERM
Topical term or geographic name as entry element Heavy oil
General subdivision Analysis.
700 1# - ADDED ENTRY--PERSONAL NAME
Personal name Mullins, Oliver C.
942 ## - ADDED ENTRY ELEMENTS (KOHA)
Item type Book - Borrowing
Call number prefix 665.538MUL
Holdings
Withdrawn status Item status Damaged status Not for loan Home library Current library Shelving location Date acquired Source of acquisition Total Checkouts Full call number Barcode Date last seen Date last borrowed Koha item type
        Central Library Central Library First floor 08/02/2014 Purchase 1 665.538MUL 000009712 15/07/2025 09/11/2019 Book - Borrowing